00935nam a22002773 450000100060000000300080000600500170001400800350003103500190006604000350008504100080012008200240012810000270015224500540017926000440023330000200027750000190029760000740031665100270039069000190041770000270043675200200046394200120048399900170049595201450051277179BD-RjUL20211209082934.0200301s1966 enk 000 0 a(BD-RjUL)77403 aBD-RjULbengcBD-RjULdBD-RjUL aeng00a821.5bPOP 19662231 aPope, Alexander95531814a Pope : poetical works /bEdited by Herbert Davis aLondon :bOxford Univesity press,c1966 a754 p. ;c23 cm aIncludes Index aPope, Alexander, d1688-1744 qCriticism and interpretation. 9240140 vEnglish poetry924013700aPoetry9240141 aDavis, Herbert9240142 aEnglanddLondon 2ddccBK c77179d77179 00102ddc40708NFICaRUCLbRUCLcStackd1968-06-15eSwets & Zeitlingerg35.00l0o821.5 POP 1966r2020-03-01 00:00:00tC-2w2021-12-09yBK